00664nam a2200217 a 4500001001300000003000900013005001700022008004100039020002300080082002000103100002200123245004500145260004300190300000900233500003500242650001600277902000800293942000700301952012100308999001700429nice12345678IN_TiNIC20260116014026.0070412s2005 lona grp 000 0 eng  a0415359813 c39500a324.245408bADE aAdeney, Katharine aCoalition Politics and Hindu Nationalism aLondon bRoutledge Chapman Hall c2005 a294p aincludes index and biblioraphy aNationalism bSRS cBK 001040708StackRoom-aHMIbHMId2007-04-13g395.00l0o324.245408 ADEp021799r2007-04-13v395.00w2007-04-12yBK c13558d13558